দক্ষিনপূর্ব বাংলায় ফ্রন্সিস বুখানন (১৯৭৮) : (Record no. 102489)
[ view plain ]
| 000 -LEADER | |
|---|---|
| fixed length control field | 00994nam a22002057a 4500 |
| 003 - CONTROL NUMBER IDENTIFIER | |
| control field | BD-DhUL |
| 005 - DATE AND TIME OF LATEST TRANSACTION | |
| control field | 20160829165745.0 |
| 008 - FIXED-LENGTH DATA ELEMENTS--GENERAL INFORMATION | |
| fixed length control field | 160829s1994 b a|||| |||| 001 0 b d |
| 040 ## - CATALOGING SOURCE | |
| Transcribing agency | BD-DhUL |
| Modifying agency | BD-DhUL |
| 082 ## - DEWEY DECIMAL CLASSIFICATION NUMBER | |
| Classification number | 915.4923 |
| Item number | DAK |
| 100 10 - MAIN ENTRY--PERSONAL NAME | |
| Personal name | সেন্দেল, ভেলাম ভান |
| 245 ## - TITLE STATEMENT | |
| Title | দক্ষিনপূর্ব বাংলায় ফ্রন্সিস বুখানন (১৯৭৮) : |
| Remainder of title | কুমিল্লা, নোয়াখালী, চট্টগ্রাম, পার্বত্য চট্টগ্রামে তার ভ্রমন / |
| Statement of responsibility, etc. | ভেলাম ভান সেন্দেল |
| 260 ## - PUBLICATION, DISTRIBUTION, ETC. (IMPRINT) | |
| Place of publication, distribution, etc. | ঢাকা : |
| Name of publisher, distributor, etc. | আইসিবিএস |
| Date of publication, distribution, etc. | ১৯৯৪ । |
| 300 ## - PHYSICAL DESCRIPTION | |
| Extent | ২১৪ পৃ. : |
| Other physical details | চিত্র ; |
| Dimensions | ২২ সে. মি. |
| 500 ## - GENERAL NOTE | |
| General note | নির্ঘন্ট সংবলিত । |
| 650 ## - SUBJECT ADDED ENTRY--TOPICAL TERM | |
| Topical term or geographic name as entry element | বাংলাদেশ |
| 650 ## - SUBJECT ADDED ENTRY--TOPICAL TERM | |
| Topical term or geographic name as entry element | বাংলাদেশ |
| 650 ## - SUBJECT ADDED ENTRY--TOPICAL TERM | |
| Topical term or geographic name as entry element | Bangladesh |
| 942 ## - ADDED ENTRY ELEMENTS (KOHA) | |
| Source of classification or shelving scheme | |
| Koha item type | Books |
No items available.
